000 00345nam a2200145Ia 4500
008 191201s2004 xx 000 0 und d
082 _a518.6
_bRAN
100 _aSANKARA Rao, K
245 0 _aNumerical Methods for Scientist Engineers
250 _a2nd
260 _aN.Delhi
_bPHI
_c2004
300 _a273
650 _aApplied
942 _2ddc
_cBK
999 _c2100
_d2100